000 00951nam a2200241 4500
001 132940
003 ES-MaACL
005 20250801223014.0
007 t|
008 070214s1922 sp r ||||1| spa d
080 _a929 Blavatsky, H.P.
100 1 _aRoso de Luna, Mario,
_d1872-1931
_999794
245 1 4 _aUna mártir del siglo XIX, Helena Petrovna Blavatsky :
_bfundadora de la Sociedad Teosófica /
_cMario Roso de Luna.
260 _aMadrid :
_bHesperia,
_c1922.
300 _a144 p. ;
_c24 cm.
490 1 _aObras completas de Mario Roso de Luna ;
_v1
490 1 _aBiblioteca poligráfica blavatsquiana. Serie C ;
_v21
600 1 4 _aBlavatsky, H. P.,
_d1831-1891
_9148372
830 1 _aObras completas de Mario Roso de Luna
_v1
_9186911
830 1 _aBiblioteca poligráfica blavatsquiana. Serie C ;
_v21
_9186912
852 _aES-MaACL
_jB-8583(2)
_z- Enc. con otras obras de Mario Roso de Luna
999 _c132940
_d132940